| 000 | 01174cam a22002894a 4500 | ||
|---|---|---|---|
| 001 | 15585536 | ||
| 005 | 20141130103923.0 | ||
| 008 | 090113n20uu xxkadk frb 001 0 eng d | ||
| 010 | _a2009368451 | ||
| 020 | _a1906403023 | ||
| 020 | _a9781906403027 | ||
| 040 |
_aYDXCP _cYDXCP _dBTCTA _dBAKER _dBWX _dOCLCQ _dBWK _dDLC _dEG-ScBUE |
||
| 082 | 0 | 0 |
_222 _a346.082 _bCAL |
| 100 | 1 |
_aCallioni, Patrick _936690 |
|
| 245 | 1 | 0 |
_aCompliance and regulation in the international financial services industry : _bturning compliance into a competitive advantage / _cPatrick Callioni. |
| 246 | 3 | 4 | _aCompliance & regulation in the international financial services industry |
| 260 |
_aKent, United Kingdom : _bGlobal Professional Publishing, _c[20--] |
||
| 300 |
_avii, 216 p. : _bcharts, forms, tables ; _c24 cm. |
||
| 500 | _aIndex : p. 213-216. | ||
| 504 | _aBibliography : p. 195-211. | ||
| 650 | 0 |
_aFinancial services industry _xLaw and legislation _936691 |
|
| 650 | 0 |
_aInternational finance _xLaw and legislation _936692 |
|
| 650 | 0 |
_aCorporate governance _xLaw and legislation _936693 |
|
| 653 |
_bBUSADM _cNovember2014 |
||
| 655 |
_vreading book _934232 |
||
| 942 |
_2ddc _k346.082 CAL |
||
| 999 |
_c18680 _d18652 |
||